000 00827naa a22001817i 4500
003 KOSZ 005
005 20180416111125.0
008 160308s2008 pl ||||| ||||0|| 0 pol
035 _aPBN-R:246253
040 _cKOSZ 005/md
_aPBN-ID
041 0 _apol
100 _aSZWICHTENBERG, Aleksander.
_d1996 - .
_bPolitechnika Koszalińska - Instytut Ekonomii i Zarządzania,
_cZakład Turystyki
245 1 0 _aAnaliza wykorzystania czasu wolnego przez dzieci i młodzież miasta Gdynia /
_cAleksander Szwichtenberg, M Soroka.
260 _c2008.
650 0 _aTurystyka.
773 0 8 _iW :
_tTurystyka i sport dla wszystkich w promocji zdrowego stylu życia / pod red. W.W. Gaworeckiego, Z. Mroczyńskiego. -
_dGdańsk : Wydaw. Wyższej Szkoły Turystyki i Hotelarstwa, 2008. -
_z9788389081179
_gs. 382-392.
942 _cROZ
_2UKD
999 _c8317
_d8317